| 000 | nam a22 7a 4500 | ||
|---|---|---|---|
| 999 |
_c101824 _d101824 |
||
| 005 | 20191018114137.0 | ||
| 008 | 191010b mx ||||| |||| 00| 0 spa d | ||
| 020 | _a9681676750 | ||
| 050 | 0 | 4 |
_aD13 _bC76 2005 |
| 100 | 1 | _aCroce, Benedetto. | |
| 240 | 1 | 3 |
_aLa storia come pensiero e come azione. _lEspañol. |
| 245 | 1 | 3 |
_aLa Historia como hazana de la libertad _c/ Benedetto Croce ; traducción de Enrique Diaz-Canedo ; prefacio Francesco Tomatis. |
| 250 | _a1a ed. | ||
| 260 |
_aMexico : _bFondo de Cultura Economica, _c2005 |
||
| 300 |
_a278 p. ; _c21 cm. |
||
| 490 | 0 |
_aColección conmemorativa 70 aniversario ; _v30. |
|
| 504 | _aIncluye bibliografía | ||
| 650 | 7 |
_2lemb _aHistoriografia. |
|
| 650 | 7 |
_2lemb _aHistoria _xFilosofia |
|
| 700 | 1 |
_aDiaz-Canedo, Enrique, _etraductor |
|
| 700 | 1 |
_aTomatis, Francesco, _eprologuista |
|
| 942 |
_2lcc _cLIB |
||